Holding their ground : (Record no. 11617)

000 -LEADER
fixed length control field 00549cam a22001814a 4500
020 ## - INTERNATIONAL STANDARD BOOK NUMBER
ISBN 185383890X (hardback)
020 ## - INTERNATIONAL STANDARD BOOK NUMBER
ISBN 1853838918 (pbk.)
040 ## - CATALOGING SOURCE
Transcribing agency DLC
082 00 - DEWEY DECIMAL CLASSIFICATION NUMBER
Classification number 333 EAR 2002 A016 Or.
245 00 - TITLE STATEMENT
Title Holding their ground :
Remainder of title secure land tenure for the urban poor in developing countries /
260 ## - PUBLICATION, DISTRIBUTION, ETC. (IMPRINT)
Place of publication London ;
-- Sterling, Va. :
Name of publisher Earthscan Publications,
Year of publication c2002.
300 ## - PHYSICAL DESCRIPTION
Number of Pages xvi, 264 p. ;
Dimensions 25 cm.
650 #0 - SUBJECT ADDED ENTRY--TOPICAL TERM
Topical Term Land tenure
650 #0 - SUBJECT ADDED ENTRY--TOPICAL TERM
Topical Term Urban poor
700 1# - ADDED ENTRY--PERSONAL NAME
Personal name Durand-Lasserve, Alain.
700 1# - ADDED ENTRY--PERSONAL NAME
Personal name Royston, Lauren,
942 ## - ADDED ENTRY ELEMENTS (KOHA)
Koha item type សៀវភៅភាសាអង់គ្លេស
952 ## - LOCATION AND ITEM INFORMATION (KOHA)
Withdrawn status [LOCAL, KOHA] 0
Holdings
Permanent Location Date acquired Koha item type Lost status Shelving location Barcode Current Location Full call number
Library Block A2017-08-04សៀវភៅភាសាអង់គ្លេស A016A12278Library Block A333 EAR 2002 A016 Or.
មជ្ឈមណ្ឌលឯការនៃសាកលវិទ្យាល័យភូមិន្ទកសិកម្មចំការដូង

Powered by Koha